000 00889nam a2200253 a 4500
001 BRL_966
005 20190320210955.0
008 291013s1956----sp-#######---#000-0#spa-#
041 _aspa
044 _asp
050 4 _aF1221.T37
_b.K57 1956
100 1 _aKirchhoff, Paul
_99833
245 1 0 _aLa Relación de Michoacán como fuente para la historia de la sociedad y cultura Tarascas
_cPaul Kirchhoff.
260 _aMadrid
_bAguilar
_c1956
300 _aXXXIII p.
_c50 cm.
500 _aHojas sueltas en carpeta
500 _aAu2281
500 _aSobretiro de la nueva edición de la ´Relación de las ceremonias y ritos y población y gobierno de los indios de la Provincia de Michoacán, 1541´
650 1 4 _aTarascos
_xHistoria
_923833
650 1 4 _aTarascos
_xRitos y ceremonias
_925465
651 4 _aIndígenas de México
_zMichoacán
_925466
902 _aGRL
942 _2lcc
_cB
999 _c9778
_d9778